|
|
|
|
| LEADER |
00000nam0a2200000 4500 |
| 001 |
45416 |
| 005 |
20231101210942.0 |
| 010 |
|
|
|a 5945840343
|
| 035 |
|
|
|a (RuTPU)RU\TPU\book\47206
|
| 090 |
|
|
|a 45416
|
| 100 |
|
|
|a 20021209d2002 m y0rusy50 ca
|
| 101 |
0 |
|
|a rus
|
| 102 |
|
|
|a RU
|
| 105 |
|
|
|a y z 000ay
|
| 200 |
1 |
|
|a Двое
|e Разное
|f Н. Н. Толстая, Т. Н. Толстая
|
| 210 |
|
|
|a Москва
|c Подкова
|d 2002
|
| 215 |
|
|
|a 384 с.
|
| 610 |
1 |
|
|a рассказы
|
| 675 |
|
|
|a Р2
|v 3
|
| 700 |
|
1 |
|a Толстая
|b Т. Н.
|c русская писательница
|c внучка А. Н. Толстого
|c публицист
|f 1951-
|g Татьяна Никитична
|2 stltpush
|3 (RuTPU)RU\TPU\pers\10850
|9 2396
|
| 701 |
|
1 |
|a Толстая
|b Т. Н.
|g Татьяна Никитична
|
| 801 |
|
1 |
|a RU
|b 63413507
|c 20021209
|g PSBO
|
| 801 |
|
2 |
|a RU
|b 63413507
|c 20160411
|g PSBO
|
| 942 |
|
|
|c BK
|